| 000 | 00331nam a2200109Ia 4500 | ||
|---|---|---|---|
| 008 | 230907s9999||||xx |||||||||||||| ||und|| | ||
| 082 |
_a621.042028553 _bBLA |
||
| 100 |
_aBlaabjerg, Frede, _9115483 |
||
| 245 | 0 | _aRenewable energy devices and systems with simulations in MATLAB and ANSYS / | |
| 300 | _axii, 402 pages ; | ||
| 942 | _cBK | ||
| 999 |
_c600843 _d600843 |
||